000 00582cam a2200181 4500500
005 20260329004026.0
041 _afre
042 _adc
100 1 0 _ade Oliveira, Victorine
_eauthor
245 0 0 _aMichaël Fœssel: “Ricœur m’a initié au mystère du mal”
260 _c2018.
500 _a77
690 _aMal
690 _aMichaël Fœssel
690 _aPaul Ricœur
786 0 _nPhilosophie magazine | 116 | 2 | 2018-02-01 | p. 39-41 | 1951-1787
856 4 1 _uhttps://shs.cairn.info/magazine-philosophie-magazine-2018-2-page-39?lang=fr&redirect-ssocas=7080
999 _c1829880
_d1829880